Born in Eugene/Oregon - Statistics

General Stats
  • This quiz has been taken 30 times
    13 since last reset
  • The average score is 3 of 7
Answer Stats
Hint Answer % Correct
Owner of Australia Zoo and wife of a famous zookeeper and television personality until his death due to a stingray accident 1964 Terri Irwin
100%
Quarterback of the Los Angeles Chargers 1998 Justin Herbert
60%
CEO of basketball operations of the Utah Jazz, former president of basketball operations of the Boston Celtics and former shooting guard who played for the Celtics, Suns, Kings and Trail Blazers 1959 Danny Ainge
40%
Actress known for her roles as Liz Traynor in "The Good Guys" and Nina in "Reaper" 1980 Jenny Wade
30%
Governor of Oregon from 1987 to 1991 and Secretary of Transportation from 1979 to 1981 1940 Neil Goldschmidt
30%
Senator from Illinois from 1985 to 1997 1928 Paul Simon
30%
Owner of the Utah Jazz, Utah Hockey Club and co-owner of Real Salt Lake 1978 Ryan Smith
30%
No matching quizzes found
Score Distribution
Percent of People with Each Score
Percentile by Number Answered
Your Score History
You have not taken this quiz since the last reset